Flags of Asia Quiz Stats

 Plays Quiz Updated Jan 25, 2017

Support Sporcle.
Go Orange.
Score 0/49 Timer 10:00
106 Plays Today
Country % Correct
Japan
94.8%
South Korea
93.5%
China
92.7%
Israel
92.3%
India
89.5%
Turkey
88.6%
Saudi Arabia
85.9%
Nepal
85.3%
Russia
84.6%
North Korea
83.2%
Iraq
83.1%
Vietnam
81.7%
Georgia
81.6%
Lebanon
80.6%
Pakistan
79.9%
Malaysia
79.4%
Sri Lanka
78.7%
Qatar
78.3%
Iran
77.1%
Bangladesh
77.1%
Cambodia
76.5%
Bhutan
76.3%
Thailand
75.9%
Syria
74.8%
Indonesia
73.7%
Country % Correct
Afghanistan
71.1%
Bahrain
70.9%
Kazakhstan
70.8%
Singapore
70.1%
Philippines
69.2%
UAE
69.1%
Laos
68.8%
Mongolia
68.4%
Jordan
68.2%
Armenia
68.1%
Turkmenistan
66.8%
Palestine
66.6%
Kuwait
66.2%
Brunei
66.1%
Taiwan
64.8%
Yemen
64.5%
Uzbekistan
64.1%
Azerbaijan
62.2%
Kyrgyzstan
61.2%
Oman
61.2%
Myanmar
61%
Maldives
59.7%
Timor-Leste
58.8%
Tajikistan
54.9%

You're not logged in!

Compare scores with friends on all Sporcle quizzes.
OR
Log In
Forgot?

From the Vault

Artist by First and Last Song

by Zipcity

Music 8m
The beginning and the end are all anyone remembers.
Remove Ads.
Support Sporcle.
Get the best of Sporcle when you Go Orange. This ad-free experience offers more features, more stats, and more fun while also helping to support Sporcle. Thank you for becoming a member.

Show Comments

Extras

Top Quizzes Today


Score Distribution

Your Account Isn't Verified!

In order to create a playlist on Sporcle, you need to verify the email address you used during registration. Go to your Sporcle Settings to finish the process.

Report this User

Report this user for behavior that violates our Community Guidelines.

Details: